Концептуализация конструкта "Гражданское право" в истории философии; Коммуникативные аспекты языка и культуры; Ч. 1

Podrobná bibliografie
Parent link:Коммуникативные аспекты языка и культуры: сборник материалов XII Международной научно-практической конференции студентов и молодых ученых, г. Томск, 16-18 мая 2012 г./ Национальный исследовательский Томский политехнический университет (ТПУ), Институт международного образования и языковой коммуникации (ИМОЯК) ; под ред. С. А. Песоцкой.— , 2012
Ч. 1.— 2012.— [С. 34-39]
Hlavní autor: Власова С. А.
Shrnutí:Заглавие с титульного листа.
Электронная версия печатной публикации.
Jazyk:ruština
Vydáno: 2012
Edice:Внутрикультурная коммуникация в эпоху информационного общества: социально-философский и образовательный аспекты
Témata:
On-line přístup:http://www.lib.tpu.ru/fulltext/c/2012/C77/V1/006.pdf
Médium: MixedMaterials Elektronický zdroj Kapitola
KOHA link:https://koha.lib.tpu.ru/cgi-bin/koha/opac-detail.pl?biblionumber=607881

MARC

LEADER 00000naa2a2200000 4500
001 607881
005 20260316093232.0
035 |a (RuTPU)RU\TPU\conf\5287 
035 |a RU\TPU\conf\5286 
090 |a 607881 
100 |a 20140903d2012 k y0rusy50 ca 
101 0 |a rus 
102 |a RU 
135 |a drcn ---uucaa 
181 0 |a i  
182 0 |a b 
200 1 |a Концептуализация конструкта "Гражданское право" в истории философии  |f С. А. Власова 
203 |a Текст  |c электронный 
215 |a 1 файл (120 Кб) 
225 1 |a Внутрикультурная коммуникация в эпоху информационного общества: социально-философский и образовательный аспекты 
300 |a Заглавие с титульного листа. 
300 |a Электронная версия печатной публикации. 
337 |a Adobe Reader 
461 1 |0 (RuTPU)RU\TPU\conf\4597  |t Коммуникативные аспекты языка и культуры  |o сборник материалов XII Международной научно-практической конференции студентов и молодых ученых, г. Томск, 16-18 мая 2012 г.  |o в 3 ч.  |f Национальный исследовательский Томский политехнический университет (ТПУ), Институт международного образования и языковой коммуникации (ИМОЯК) ; под ред. С. А. Песоцкой  |d 2012 
463 1 |0 (RuTPU)RU\TPU\conf\4599  |t Ч. 1  |v [С. 34-39]  |d 2012 
610 1 |a электронный ресурс 
610 1 |a механизмы 
610 1 |a инновации 
610 1 |a общество 
610 1 |a конституция 
610 1 |a Россия 
610 1 |a государство 
700 1 |a Власова  |b С. А. 
801 1 |a RU  |b 63413507  |c 20140902 
801 2 |a RU  |b 63413507  |c 20160122  |g RCR 
856 4 |u http://www.lib.tpu.ru/fulltext/c/2012/C77/V1/006.pdf 
942 |c BK